书目信息 |
| 题名: |
新印谱
|
|
| 作者: | 韩天衡 作 | |
| 分册: | 第二集 | |
| 出版信息: | 上海 上海书画社 1973 |
|
| 页数: | 54页 | |
| 开本: | 18cm | |
| 丛书名: | ||
| 单 册: | ||
| 中图分类: | J292.47 | |
| 科图分类: | ||
| 主题词: | 印谱--中国--现代 | |
| 电子资源: | ||
| ISBN: | ||
| 000 | 00547nam0 2200205 450 | |
| 001 | 0761038560 | |
| 005 | 20070729104401.26 | |
| 010 | @dCNY0.27 | |
| 091 | @aCN@b8172.2 | |
| 100 | @a20070725d1973 km y0chiy0120 ea | |
| 101 | 0 | @achi |
| 102 | @aCN@b310000 | |
| 200 | 1 | @a新印谱@Axin yin pu@h第二集@f韩天衡等作@Fhan tian heng deng zuo |
| 210 | @a上海@c上海书画社@d1973 | |
| 215 | @a54页@d18cm | |
| 606 | 0 | @a印谱@y中国@z现代 |
| 690 | @aJ292.47@v3 | |
| 701 | 0 | @a韩天衡@Ahan tian heng@4作 |
| 801 | 0 | @aCN@bPFT@c20070729 |
| 905 | @a10447@dJ292.47@e489 | |
| 新印谱.第二集/韩天衡等作.-上海:上海书画社,1973 |
| 54页;18cm |
| ISBN :CNY0.27 |
| ● |
| 相关链接 |
|
|
|
|
正题名:新印谱
索取号:J292.47/489
 
预约/预借
| 序号 | 登录号 | 条形码 | 馆藏地/架位号 | 状态 | 备注 |
| 1 | 0784794 | 207847945 | 第一样本阅览室/ [索取号:J292.47/489] | 在馆 |